| 000 | 00548nam a2200193 a 4500 | ||
|---|---|---|---|
| 005 | 20240910064139.0 | ||
| 008 | 991125s1995 ea 000 0 spa u | ||
| 035 | _aUPN01000002491 | ||
| 049 | _aI | ||
| 050 | 4 |
_aPZ78 _bM6.25 |
|
| 100 | 1 |
_aMoncure, Jane Belk _929341 |
|
| 245 | 1 | 3 |
_aEl amor / _cJane Belk Moncure ; il. por Linda Hohog. |
| 260 |
_aE.U.A. : _bThe Child's World, _c1995. |
||
| 300 |
_a29 p. : _bil. col. |
||
| 440 | 0 | _aValores para la vida | |
| 650 | 4 |
_aAmor _94320 |
|
| 650 | 4 |
_aLibros y lectura para niƱos _92290 |
|
| 905 | _aInfantil | ||
| 999 |
_c2491 _d2491 |
||